Nagykéren valóban volt kerek erdő

Bibliographic Details
Main Authors: Száraz, Enikő (Author), Szőke, József, 1928-2010 (Author)
Format: Article
Language:Hungarian
PhysicalDescription:Fotogr.
ISSN:1335-6631
Subjects:

MARC

LEADER 00000nab a2200000 ar4500
001 vtls009003616
003 SK-MaSNL
005 20260319071258.0
008 070524c2007 xo |||||||h 000 b|hun
015 |a SNBRB2007/05  |2 snkbucl 
038 |a SNKBUCL 
040 |a DSZK  |b slo  |c DSZK  |e AACR2 
041 0 |a hun 
044 |a xo  |c SK 
080 |a 82:929:821.511.141 (437.6)  |2 1997 
080 |a 821.511.141 (437.6):929  |2 1997 
080 |a 929 Szőke, József  |2 1997 
100 1 |a Száraz, Enikő  |4 aut  |9 1059749 
245 1 0 |a Nagykéren valóban volt kerek erdő  |c Lejegyezte: Száraz Enikő, Szőke József 
300 |b Fotogr. 
600 1 7 |a Szőke, József,  |d 1928-2010  |2 snkbucl  |9 134294 
700 1 |a Szőke, József,  |d 1928-2010  |4 ive  |4 aut  |9 134294 
773 0 |t Szabad újság  |g Évf. XV, sz. 19 (2007), o. 5  |x 1335-6631 
852 |a SNK  |b KIS3GCP 
852 |a DSZK  |b KIS3GCP 
958 |a HU 
958 |a SK 
958 |a LX 
999 |c 1751789  |d 1753719